Educación para la salud. Libro de información y trabajo para el sexto grado conforme a lo establecido por los cursos de estudios.

Gespeichert in:
Bibliographische Detailangaben
1. Verfasser: Suárez Gómez, Calixto.
Format: Buch
Sprache:Spanisch
Erschienen: Habana, Cuba. Publicaciones Cultural, S. A. [s. a.]
Ausgabe:4a. ed.
Katalog:MANES:  Suchergebnis im Bibliothekskatalog
Schulbuchspezifische Eigenschaften:
Tags: Tag hinzufügen
Keine Tags, Fügen Sie den ersten Tag hinzu!
Hinzugefügt zu:12.06.2019
Geändert in:12.06.2019

MARC

LEADER 00000nam a22000007a 4500
005 20190613012014.0
008 190613b xxu||||| |||| 00| 0 spa d
040 |a centro_manes  |c universidad_colima 
100 |9 24410  |a Suárez Gómez, Calixto. 
245 |a Educación para la salud. Libro de información y trabajo para el sexto grado conforme a lo establecido por los cursos de estudios. 
250 |a 4a. ed. 
260 |a Habana, Cuba.  |b Publicaciones Cultural, S. A.  |c [s. a.] 
300 |a 188 p.  |c 26 cm.  |e Ils. 
500 |a Aparece: Francisco Ziga, "Bibliografía Pedagógica. Libros de texto para enseñanza primaria: 1850-1970 VII y VIII. "Libros de Ciencias Naturales. Lecciones y Nociones de Cosas." en Boletín del Instituto de Investigaciones Bibliográficas 1981-1982, Biblioteca Nacional, Hemeroteca Nacional, Universidad Nacional Autónoma de México, Nos. 18 - 19, p. 390. 
690 0 |a CN 
691 0 |a PRI 
942 |2 ddc  |c BK 
999 |c 85481  |d 85481 
999 |c manes:85481  |d 85481